| 000 | 00578nam a2200205 a 4500 | ||
|---|---|---|---|
| 001 | 6322 | ||
| 003 | CO-ViMGA | ||
| 008 | 141112s2004 ck r 000 u spa d | ||
| 020 | _a8472483398 | ||
| 040 |
_aCO-ViMGA _bspa _cCO-ViMGA |
||
| 082 | 0 | 4 | _a343.04 A741 |
| 100 | 1 |
_aArias Velasco, Jose _95029 |
|
| 245 | 1 | 0 |
_aProcedimientos tributarios / _cArias Velasco Jose , Artorio Albalat Susana |
| 250 | _a6a | ||
| 260 |
_aMadrid : _bJurídicas y Sociales, _c1996 |
||
| 300 | _a729 p | ||
| 490 | _aMonografías Jurídicas | ||
| 650 | 1 | 4 |
_aDERECHO TRIBUTARIO _952985 |
| 942 |
_2ddc _cBK |
||
| 999 |
_c18292 _d18292 |
||